Lanean...
Principles of Microbiology /
| Egile nagusia: | |
|---|---|
| Formatua: | Printed Book |
| Hizkuntza: | English |
| Argitaratua: |
Boston :
McGraw-Hill,
1997.
|
| LEADER | 00462nam a2200133Ia 4500 | ||
|---|---|---|---|
| 008 | 150624b xxu||||| |||| 00| 0 eng d | ||
| 082 | |a 579 | ||
| 100 | |a Atlas, Ronald M. | ||
| 245 | |a Principles of Microbiology / |c Ronald M. Atlas | ||
| 260 | |a Boston : |b McGraw-Hill, |c 1997. | ||
| 300 | |a 1298 p. | ||
| 942 | |c TXT | ||
| 999 | |c 50382 |d 50382 | ||
| 952 | |0 0 |1 0 |4 0 |6 579_000000000000000_ATL_P |7 0 |9 50360 |a UL |b UL |c Ref2 |d 2012-10-27 |l 9 |o 579 ATL/P |p 73032 |r 2013-07-17 |s 2013-07-15 |w 2012-10-27 |y TXT | ||